000 00282nam a22001097a 4500
008 170105b xxu||||| |||| 00| 0 eng d
020 _a0815167903
041 _aeng
080 _25TH
_a618.2
245 _aMEDICAL-SURGICAL NURSING
_cPHIPPS & CASSMEYER & SANDS & LEHMAN
942 _2udc
_cBK
999 _c2557
_d2557